| 000 | 00829nam a2200253Ia 4500 | ||
|---|---|---|---|
| 003 | OSt | ||
| 005 | 20220925211113.0 | ||
| 006 | a|||||r|||| 00| 0 | ||
| 007 | ta | ||
| 008 | 220923b |||||||| |||| 00| 0 eng d | ||
| 020 |
_a8170339863 _c750.00 |
||
| 037 |
_b050, 25/05/2006, Rajeshwar Books Pvt. Ltd. _cGeneral Book |
||
| 040 |
_aRTL _cRTL _beng |
||
| 041 |
_2eng _aeng |
||
| 082 | _aY33:582.4.N9, P6 | ||
| 100 |
_aMukherji Shekhar _9138286 |
||
| 245 | 0 |
_aMigration and urban decay _b Asian experiences |
|
| 260 |
_aJaipur _bRawat Publications India _c2006 |
||
| 300 |
_axx,371p _ccm. |
||
| 500 | _aBibliography P 331-52 | ||
| 650 |
_aUrban Sociology _934088 |
||
| 942 |
_hY33:582.4.N9, P6 _cGB _2CC |
||
| 999 |
_c556753 _d556753 |
||